| Tag |
First Indicator |
Second Indicator |
Subfields |
| LEADER |
00000cam a2200000 a 4500 |
| 001 |
in00000017471 |
| 005 |
20151007053553.0 |
| 008 |
870812s1987 cau b 00100 eng |
| 010 |
|
|
|a 87045184
|
| 035 |
|
|
|a (OCoLC)16578510
|
| 035 |
|
|
|9 AAB2106AM
|
| 040 |
|
|
|a DLC
|c DLC
|d TXA
|d UtOrBLW
|
| 049 |
|
|
|a TXAM
|c [A11465838]
|
| 050 |
0 |
0 |
|a BX1755
|b .C53 1987
|
| 082 |
0 |
|
|a 282/.09/048
|2 19
|
| 245 |
0 |
4 |
|a The Church in anguish :
|b has the Vatican betrayed Vatican II? /
|c edited by Hans küng and Leonard Swidler.
|
| 250 |
|
|
|a 1st ed.
|
| 264 |
|
1 |
|a San Francisco :
|b Harper & Row,
|c [1987]
|
| 264 |
|
4 |
|c ©1987
|
| 300 |
|
|
|a x, 324 pages ;
|c 22 cm.
|
| 336 |
|
|
|a text
|b txt
|2 rdacontent
|
| 337 |
|
|
|a unmediated
|b n
|2 rdamedia
|
| 338 |
|
|
|a volume
|b nc
|2 rdacarrier
|
| 504 |
|
|
|a Includes bibliographies and index.
|
| 610 |
2 |
0 |
|a Catholic Church
|x Doctrines.
|
| 610 |
2 |
0 |
|a Catholic Church
|v Controversial literature.
|
| 600 |
0 |
0 |
|a John Paul
|b II,
|c Pope,
|d 1920-2005.
|
| 600 |
1 |
0 |
|a Benedict
|b XVI,
|c Pope,
|d 1927-
|
| 700 |
1 |
|
|a Küng, Hans,
|d 1928-
|
| 700 |
1 |
|
|a Swidler, Leonard J.
|
| 999 |
|
|
|a MARS
|
| 999 |
f |
f |
|s 3bb85e12-65b1-3133-b66c-21bac6f2b7d2
|i e52d7358-70cc-3838-8ec8-6972423c0c90
|t 0
|
| 952 |
f |
f |
|p ric
|a Texas A&M University
|b Rellis Campus
|c Joint Library Facility
|d Remote Storage
|t 0
|e BX1755 .C53 1987
|h Library of Congress classification
|i unmediated -- volume
|m A14811465838
|
| 998 |
f |
f |
|a BX1755 .C53 1987
|t 0
|l Remote Storage
|